World Capitals: Closest Capital to Capitals on a given Continent - Statistics

General Stats
  • This quiz has been taken 44 times
  • The average score is 20 of 36
Answer Stats
Capital City % Correct
Cairo
82%
Brasilia
79%
Lisbon
79%
Moscow
79%
Moscow
79%
Valletta
79%
Ottawa
76%
Ottawa
76%
Caracas
74%
Tunis
74%
Reykjavik
71%
Ankara
68%
Ankara
68%
Mexico City
68%
Praia
65%
Praia
65%
Sana'a
62%
Dili
59%
Santiago
59%
Port Louis
53%
Port-of-Spain
53%
Apia
50%
Apia
50%
Paramaribo
50%
Paramaribo
50%
Nicosia
44%
Melekeok
41%
Melekeok
41%
Melekeok
41%
Sucre
35%
Bridgetown
32%
Port-Vila
29%
Port-au-Prince
21%
Vienna
21%
Yaounde
9%
Islamabad
6%
No matching quizzes found
Score Distribution
Percent of People with Each Score
Percentile by Number Answered
Your Score History
You have not taken this quiz